Democracia, estructura económico-social y formación del mundo mítico religioso /
Gorde:
| Egile nagusia: | |
|---|---|
| Formatua: | Texto |
| Gaiak: | |
| Etiketak: |
Etiketa erantsi
Etiketarik gabe, Izan zaitez lehena erregistro honi etiketa jartzen!
|
MARC
| LEADER | 00000 a a2200000 04500 | ||
|---|---|---|---|
| 001 | 11968 | ||
| 003 | |||
| 040 | |||
| 100 | |a Hinkelammert, Franz J. | ||
| 245 | |a Democracia, estructura económico-social y formación del mundo mítico religioso / |c Franz J. Hinkelammert | ||
| 650 | |a DEMOCRACIA | ||
| 650 | |a DISCRIMINACION | ||
| 650 | |a ESTRUCTURA ECONOMICA | ||
| 650 | |a IDEOLOGIAS | ||
| 650 | |a DERECHOS HUMANOS | ||
| 650 | |a OPOSICION POLITICA | ||
| 650 | |a ESTRUCTURA SOCIAL | ||
| 650 | |a CRISTIANISMO | ||
| 773 | |g número 3; páginas 1-18 | ||
| 999 | |c 23469 |d 23469 | ||
